THE BEST OF BUSINESS CARD DESIGN NO.5 (Record no. 920529)

MARC details
000 -LEADER
fixed length control field 00309nam a2200121Ia 4500
008 - FIXED-LENGTH DATA ELEMENTS--GENERAL INFORMATION
fixed length control field 231106s2002 xx 000 0 und d
041 ## - LANGUAGE CODE
Language code of text/sound track or separate title eng
082 ## - DEWEY DECIMAL CLASSIFICATION NUMBER
Classification number 741.685
100 ## - MAIN ENTRY--PERSONAL NAME
Personal name CHERYL DANGEL CULLEN
245 ## - TITLE STATEMENT
Title THE BEST OF BUSINESS CARD DESIGN NO.5
260 ## - PUBLICATION, DISTRIBUTION, ETC.
Name of publisher, distributor, etc. ROCKPORT PUBLISHERS
Date of publication, distribution, etc. 2002
300 ## - PHYSICAL DESCRIPTION
Extent H-192

No items available.